00779cam a22002411 4500001001300000003000400013005001700017008004100034010001700075025001900092040001800111050003200129082000800161110003900169245014900208250001300357260003000370300003200400350000800432650005600440700002400496999001700520sa 67001770 DLC20260227112325.0740328s1966 ii k 000 0 eng  asa 67001770  aPL480:I-E-7345 aDLCcDLCdDLC00aKNU8801.2.A311941bS26 196600a3401 aWest Bengal.kLaws, statutes, etc.14aThe Bengal finance (sales tax) act, 1941,bwith the Bengal sales tax rules, 1941,cexhaustively annotated and amended upto date by J. N. Sanyal. a[3d ed.] aCalcutta,bSarkarc[1966] avii, 184 p.bforms.c20 cm. aRs6 0aSales taxxLaw and legislationzIndiazWest Bengal.1 aSanyal, J. N.,eed. c72845d72845